Tự nhiên - xã hội và phương pháp dạy tự nhiên - xã hội Tài liệu đào tạo giáo viên tiểu học trình độ cao đẳng và đại học sư phạm T.1

Đã lưu trong:
書目詳細資料
主要作者: Lê, Văn Trưởng
其他作者: Hoàng, Thanh Hải
格式: 圖書
語言:Undetermined
出版: H. Giáo dục 2007
主題:
在線閱讀:http://lrc.tdmu.edu.vn/opac/search/detail.asp?aID=2&ID=4193
標簽: 添加標簽
沒有標簽, 成為第一個標記此記錄!
Thư viện lưu trữ: Trung tâm Học liệu Trường Đại học Thủ Dầu Một
LEADER 00902nam a2200229Ia 4500
001 TDMU_4193
008 210410s9999 xx 000 0 und d
082 |a 372.8 
090 |b L200 
100 |a Lê, Văn Trưởng 
245 0 |a Tự nhiên - xã hội và phương pháp dạy tự nhiên - xã hội 
245 0 |b Tài liệu đào tạo giáo viên tiểu học trình độ cao đẳng và đại học sư phạm 
245 0 |c Lê Văn Trưởng 
245 0 |n T.1 
260 |a H. 
260 |b Giáo dục 
260 |c 2007 
300 |a 200tr. 
650 |a Phương pháp dạy học  |x Tự nhiên xã hội  |x Tiểu học; Phương pháp dạy học 
700 |a Hoàng, Thanh Hải 
856 |u http://lrc.tdmu.edu.vn/opac/search/detail.asp?aID=2&ID=4193 
980 |a Trung tâm Học liệu Trường Đại học Thủ Dầu Một